FIFA World Cup Winning Countries - Sudden Death - Statistics

General Stats
  • This quiz has been taken 8,093 times
  • The average score is 6 of 8
Answers on the Grid
Answers color-coded by a green-red scale on the quiz's grid according to % correct below.
Algeria
Angola
Argentina
Australia
Austria
Belgium
Bolivia
Bosnia & Herzegovina
Brazil
Bulgaria
Cameroon
Canada
Chile
China
Colombia
Costa Rica
Croatia
Cuba
Czech Republic / Czechoslovakia
Denmark
Dutch East Indies
East Germany
Ecuador
Egypt
El Salvador
England
France
Germany / West Germany
Ghana
Greece
Haiti
Honduras
Hungary
Iceland
Iran
Iraq
Ireland
Israel
Italy
Ivory Coast
Jamaica
Japan
Kuwait
Mexico
Morocco
Netherlands
New Zealand
Nigeria
North Korea
Northern Ireland
Norway
Panama
Paraguay
Peru
Poland
Portugal
Qatar
Romania
Russia / Soviet Union
Saudi Arabia
Scotland
Senegal
Serbia / Serbia & Montenegro
Slovakia
Slovenia
South Africa
South Korea
Spain
Sweden
Switzerland
Togo
Trinidad and Tobago
Tunisia
Turkey
Ukraine
United Arab Emirates
United States
Uruguay
Wales
Yugoslavia
Zaire
 
Answer Stats
Answer % Correct
Argentina
93%
Brazil
92%
France
77%
England
76%
Germany / West Germany
75%
Italy
71%
Spain
69%
Uruguay
67%
No matching quizzes found
Score Distribution
Percent of People with Each Score
Percentile by Number Answered
Your Score History
You have not taken this quiz